03829cam a22005414i 4500003000900000005001700009008004100026020001500067020001800082035002700100040010800127049000900235082001900244245015600263264006700419300004300486336002100529337002500550338002300575504004000598504003200638505171200670526001002382526001002392526001002402526001002412526000802422526000802430526000802438526000802446526000802454526000802462526000802470600003102478650004302509651004502552700002902597700003002626700003202656910002802688942001402716949014302730994001402873596000602887999016702893980005503060952017203115PE-LiUPU20250731172849.0140624s2014 inu rb 001 0 eng  a0268038422 a9780268038427 a(Sirsi) i9780268038427 aDLCbspaerdacDLCdYDXdBTCTAdOCLCFdYDXCPdCOOdZCUdCHVBKdTLEdBDXdLNTdRCTdEEMdOCLCQdPE-LiUPU aPRUA00a277.308223bA500aAmerican Evangelicalism :bGeorge Marsden and the state of American religious history /cedited by Darren Dochuk, Thomas S. Kidd, and Kurt W. Peterson. 1aNotre Dame, Indiana :bUniversity of Notre Dame Press,c[2014] axvi, 518 páginas ;c24 centímetros atext2rdacontent aunmediated2rdamedia avolume2rdacarrier aBibliografía : páginas 490-499. aÍndice: páginas 507-5180 aForeword: George Marsden as scholar, Christian, and friend / Nathan Hatch, Mark Noll, Harry Stout, and Grant Wacker -- Jonathan Edwards and the study of his eighteenth-century world : George Marsden's contribution to Colonial American religious historiography / Douglas A. Sweeney -- Jonathan Edwards : a life / Thomas S. Kidd -- Jonathan Edwards and Francis Asbury / John Wigger -- The evangelical mind and the historians / Margaret Bendroth -- The evangelical mind and the new school Presbyterian experience / Peter J. Wallace -- The African American Great Awakening and modernity, 1866-1900 / Jay R. Case -- Marsden and modern fundamentalism / Barry Hankins -- Fundamentalism and American culture / William L. Svelmoe -- Reorienting American religious history in the age of global Christianity : the case of Katharine Bushnell / Kristin Kobes Du Mez -- A gilded age modernist : Reuben A. Torrey and the roots of contemporary conservative evangelicalism / Timothy E.W. Gloege -- The interdenominational evangelicalism of D.L. Moody and the problem of fundamentalism / Michael S. Hamilton -- Marsden and secularization / John Schmalzbauer -- The soul of the American university / Steven M. Nolt -- More than a footnote? : evangelical ministries and the secular university / John G. Turner -- The Southernization of the evangelical mind / Rick Ostrander -- Marsden and fundamentalist resurgence / Garth M. Rosell -- Reforming fundamentalism / Darren Dochuk -- Missionary realities and the new evangelicalism in post-World War II America / Kathryn T. Long -- The evangelical left and the politicization of evangelicalism / David R. Swartz -- Conclusion: How an evangelical won the Bancroft Prize / Mark Noll. aSEG42 aSEG41 aSEG40 aSEG39 aP94 aP87 aP86 aP85 aP77 aP76 aP3510aMarsden, George M.,d1939-14aEvangelismozEstados UnidosxHistoria. 4aEstados UnidosxHistoria eclesiástica.1 aDochuk, Darren,eeditor.1 aKidd, Thomas S.,eeditor.1 aPeterson, Kurt W.,eeditor. ajckbebjcebjd20160607 2ddccBOOK a277.308223 A5wDEWEYc1i73602lCCODEBUL1mBULp33.00r0sYtBOOKu2016-6-7xTEOLOGIAPP850COMPRAo.STAFF. Colección General Teología aC0bPEPRU a1 a277.308223 A5wDEWEYc9777i73602f2021-11-11g5lCCODEBUL1mBULp33.00r0sYtBOOKu2016-6-7xTEOLOGIAPP850COMPRAo.STAFF. Colección General Teologíad9777 81gALBERTO SANCHEZ Responsable de Automatización r2025-12-02 00:00:00i6l0o277.308223 A5p73602te1v38.00w2016-06-07xPGyBKzinventario-2023-12-13102ddc50708GENfP85aBULbBULcGENd2016-06-07eCOMPRAg33.00